Catàleg del Col·legi de Periodistes de Catalunya

Manual de autoprotección para periodistas en el conflicto colombiano / (Registre núm. 7502)

000 -CABECERA
Campo de control de longitud fija 00491nam a22001337a 4500
008 - CAMPO FIJO DE DESCRIPCIÓN FIJA--INFORMACIÓN GENERAL
Campo de control de longitud fija 211203b ||||| |||| 00| 0 eng d
040 ## - FUENTE DE CATALOGACIÓN
Agencia de catalogación original CDMR
245 ## - MENCIÓN DE TÍTULO
Título Manual de autoprotección para periodistas en el conflicto colombiano /
Mención de responsabilidad, etc. [investigación y redacción Óscar Escamilla]
260 ## - PUBLICACIÓN, DISTRIBUCIÓN, ETC (PIE DE IMPRENTA)
Lugar de publicación, distribución, etc. Bogotá:
Nombre del editor, distribuidor, etc. FLiP-UNESCO,
Fecha de publicación, distribución, etc. 2003
300 ## - DESCRIPCIÓN FÍSICA
Extensión 106 pàgines;
Dimensiones 17 cm
650 #0 - ASIENTO SECUNDARIO DE MATERIA--TÉRMINO DE MATERIA
9 (RLIN) 2560
Nombre de materia o nombre geográfico como elemento de entrada Corresponsals de guerra
Subdivisión general Mesures de seguretat
Subdivisión geográfica Colòmbia
700 ## - ENCABEZAMIENTO SECUNDARIO--NOMBRE PERSONAL
9 (RLIN) 4757
Nombre de persona Escamilla, Óscar
942 ## - ELEMENTOS KOHA
Fuente de clasificación o esquema de ordenación en estanterías
Koha tipo de item Monografies
Fons
Suprimido Perdido Fuente de clasificación o esquema de ordenación en estanterías Estropeado No se presta Localización (Biblioteca) Sublocalización o Colección (subbiblioteca) Fecha de adquisición Fuente de adquisición Koha préstamos (veces que ha sido prestado) Koha signatura completa Designación de pieza (código de barras) Koha Fecha de último uso Precio Koha tipo de item
          Centre de Documentació Montserrat Roig Centre de Documentació Montserrat Roig 2021-12-03 Donació   Ci 7/39 CDMR21120036 2021-12-03 2021-12-03 Monografies

Implantat amb Koha